Sports Quiz

Random Sports or NHL Quiz

NHL Cities Quiz Stats

Quiz not verified by Sporcle

Challenge
Share
Tweet
Embed
Score 0/30 Timer 10:00
0 Plays Today
Hint Answer % Correct
New York
96.4%
New York
96.4%
Calgary
92.9%
Chicago
92.9%
Edmonton
92.9%
Boston
89.3%
Columbus
89.3%
Dallas
89.3%
Montreal
89.3%
Phoenix
89.3%
Vancouver
89.3%
Washington
89.3%
Winnipeg
89.3%
New Jersey
85.7%
Philadelphia
85.7%
Hint Answer % Correct
Pittsburgh
85.7%
Toronto
85.7%
Buffalo
82.1%
Los Angeles
82.1%
Ottawa
82.1%
Anaheim
78.6%
Colorado
78.6%
Detroit
78.6%
Florida
78.6%
Minnesota
78.6%
San Jose
78.6%
St.Louis
78.6%
Nashville
75%
Carolina
71.4%
Tampa Bay
67.9%

You're not logged in!

Compare scores with friends on all Sporcle quizzes.
Sign Up with Email
OR
Log In

You Might Also Like...

Show Comments

Extras

Top Quizzes Today


Score Distribution

Your Account Isn't Verified!

In order to create a playlist on Sporcle, you need to verify the email address you used during registration. Go to your Sporcle Settings to finish the process.